000 00834nam a2200205Ii 4500
003 JO-AjNU
008 230605s9999||||xx |||||||||||||| ||und||
017 _a1982/2150
040 _aJO-AjNU
_bara
_erda
_cJO-AjNU
041 _aara
050 1 4 _aHF5001.T3735 1982
100 3 _aمجلة فورتشن ؛ ترجمة: كامل عطا ،رشاد بدران ؛ مراجعة: رشاد بدران ؛ تقديم : حسين عمر,
_eauthor
_915536
245 0 0 _a طريقك إلى الثراء : قصص نجاح تحولت إلى مشروعات مربحة 
264 3 1 _aالقاهرة: دار نهضة مصر للطبع والنشر، 1982
300 _a290ص
336 _atext
_btxt
_2rdacontent
337 _aunmediated
_bn
_2rdamedia
338 _avolume
_bnc
_2rdacarrier
650 4 _aالنجاح الشخصي - الثروة
_915537
999 _aA4411
_c7979
_d7979